Normal view
MARC view
Entry Personal Name
001 - CONTROL NUMBER
- control field: 4945
003 - CONTROL NUMBER IDENTIFIER
- control field: HDC
005 - DATE AND TIME OF LATEST TRANSACTION
- control field: 20230624073208.0
008 - FIXED-LENGTH DATA ELEMENTS
- fixed length control field: 210117|| aca||aabn | a|a d
040 ## - CATALOGING SOURCE
- Original cataloging agency: HDC
- Transcribing agency: HDC
100 ## - HEADING--PERSONAL NAME
- Personal name: Soesilowati, Endang S
670 ## - SOURCE DATA FOUND
- Source citation: Work cat.: (HDC): Soesilowati, Endang S. author, Business opportunities for Halal Products in the Global Market: Muslim Consumer Behaviour and Halal food Consumption / by , 2010
